000 01639nam a2200373Ia 4500
001 dia_1051
003 CHAP
005 20230119115717.0
008 220117s1996 xx 000 0 und d
010 _a171598
040 _cCHAP
082 _a338.5 B68 1996
100 _aBourgeois, Robin
_914775
245 _aCADIAC : Cadenas y Diálogo para la Acción : enfoque participativo para el desarrollo de la competitividad de los sistemas agroalimentarios /
_c Robin Bourgeois y Danilo Herrera
260 _aSan José, Costa Rica :
_b Instituto Interamericano de Cooperación para la Agricultura, Área de Concentración I :,
_b Políticas Socioeconómicas, Comercio e Inversiones,
_c1996
300 _a226 p.
400 _aSERIE DE PUBLICACIONES MISCELANEA/ IICA
440 _aSerie publicaciones miscelaneas / IICA, xISSN 0534-5391 ; no. A1/SC-96-12
_9149889
500 _aEs material fotocopiado
504 _aBibliografía: p. [221-223]
590 _aHD9000.6 B68 1996
650 _aAgricultural economics
_9147021
650 _aAgricultural products
_xDeveloping countries
_9149890
650 _aAgricultural products
_xEconomical aspects
_9149891
650 _aEconomía agrícola
_9147023
650 _aProductos agrícolas
_xAspectos económicos
_9136937
650 _aProductos agrícolas
_xPaíses en desarrollo
_9149892
700 _aHerrera, Danilo, coaut.
_9149893
710 _aInstituto Interamericano de Cooperación para la Agricultura (IICA)
_9149894
901 _a338.5 B68 1996
902 _aM
905 _a5232271996 CR in 8122223322SPA16
942 _cLIBRO
_2ddc
999 _c171598
_d171598